Victoriano Sardou (Record no. 168217)

MARC details
000 -LEADER
campo de control de longitud fija 00987nam a22002415i 4500
001 - NÚMERO DE CONTROL
campo de control 168217
003 - IDENTIFICADOR DE NÚMERO DE CONTROL
campo de control ES-MaACL
005 - FECHA Y HORA DE LA ÚLTIMA TRANSACCIÓN
campo de control 20250717013110.0
008 - DATOS DE LONGITUD FIJA--INFORMACIÓN GENERAL
campo de control de longitud fija 030618q18901900sp |||| | spa d
040 ## - FUENTE DE CATALOGACIÓN
Centro catalogador/agencia de origen CCPB | B
Lengua de catalogación spa
Centro/agencia transcriptor CCPB | B
100 1# - ENTRADA PRINCIPAL--NOMBRE DE PERSONA
Nombre de persona Zola, Émile,
Fechas asociadas al nombre 1840-1902
9 (RLIN) 118331
245 10 - MENCIÓN DEL TÍTULO
Título Victoriano Sardou
Resto del título : estudio crítico /
Mención de responsabilidad, etc. por E. Zola.
260 ## - PUBLICACIÓN, DISTRIBUCIÓN, ETC.
Lugar de publicación, distribución, etc. Madrid :
Nombre del editor, distribuidor, etc. imprenta de La España Moderna :
-- A. P. Dubrull,
Fecha de publicación, distribución, etc. [s.a.]
300 ## - DESCRIPCIÓN FÍSICA
Extensión 93 p. ;
Dimensiones 17 cm.
490 1# - MENCIÓN DE SERIE
Mención de serie Extranjeros ilustres ;
Designación de volumen o secuencia 5
596 ## - NOTA AL PIE DE IMPRENTA
NOTA AL PIE DE IMPRENTA En información editorial en vuelto de la cub. consta el año 1890.
596 ## - NOTA AL PIE DE IMPRENTA
NOTA AL PIE DE IMPRENTA Editor en cub.: "Sáenz de Jubera hermanos"
600 14 - PUNTO DE ACCESO ADICIONAL DE MATERIA--NOMBRE DE PERSONA
Nombre de persona Sardou, Victorien-
Subdivisión general Crítica e interpretación.
9 (RLIN) 132479
752 ## - ENTRADA AGREGADA--NOMBRE JERÁRQUICO DEL LUGAR
País o entidad superior España -
Ciudad Madrid
830 0# - PUNTO DE ACCESO ADICIONAL DE SERIE-TÍTULO UNIFORME
Título uniforme Extranjeros ilustres ;
Designación de volumen o secuencia 5
9 (RLIN) 188783
852 ## - LOCALIZACIÓN
Ubicación ES-MaACL
Número de control de estantería 1814-F-3
Nota libre -- Rúst.
Encuadernación -- Completar T260: Sáenz de Jubera Hermanos -- T596: Mención de editor consta en la cub.
Holdings
Estatus retirado Estado de pérdida Estado de daño No para préstamo Colección Biblioteca de origen Biblioteca actual Ubicación en estantería Fecha de adquisición Fuente de adquisición Total de préstamos Signatura topográfica completa Código de barras Visto por última vez Precio de reemplazo Tipo de ítem Koha
        Colección de folletos Biblioteca del Ateneo de Madrid Biblioteca del Ateneo de Madrid Depósito folletos 17/01/2008     1814-F-3 1176503 23/02/2023 23/02/2023 Folleto